Character Challenge #1: Bob's Burgers - Statistics

General Stats
  • This quiz has been taken 102 times
  • The average score is 21 of 23
Answer Stats
Hint Answer % Correct
Father Bob Belcher
100%
Father's Rival's Oldest Son Jimmy Pesto Jr.
100%
Mother Linda Belcher
100%
Younger Daughter Louise Belcher
100%
Older Daughter Tina Belcher
100%
Father's Rival's Twin Son #1 Andy Pesto
99%
Son Gene Belcher
99%
Father's Rival Jimmy Pesto
98%
Mortician Mort
98%
Father's Rival's Twin Son #2 Ollie Pesto
98%
Family Friend Teddy
98%
School Counsellor Phillip Frond
97%
Aunt Gayle
95%
Health Inspector Hugo Harbercore
94%
Oldest Daughter's Bully Tammy Larsen
94%
Health Inspector's Assistant Ron
91%
Family's Dentist Dr. Yap
90%
Landlord Calvin Fischoeder
88%
Younger Daughter's Stalker Millie Frock
86%
Best Friend of F.R.'s Oldest Son Zeke
84%
Younger Daughter's Bully Logan Bush
79%
Son's Ex-Girlfriend Courtney Wheeler
78%
Oldest Daughter's Bully's Friend Jocelyn
78%
No matching quizzes found
Score Distribution
Percent of People with Each Score
Percentile by Number Answered
Your Score History
You have not taken this quiz